Statistics for Tallest Mountain Of Each European Country

Click here to take the quiz!

General Stats

  • This quiz has been taken 57 times
  • The average score is 9 of 43

Answer Stats

CountryTallest Mountain% Correct
France, ItalyMont Blanc / Monte Bianco
88%
United KingdomBen Nevis
73%
RussiaMount Elbrus
69%
GreeceMount Olympus
65%
GermanyZugspitze
50%
AustriaGross{glockner}
48%
Vatican City{Vatican} Hill
38%
SloveniaTriglav
33%
PolandRysy
31%
Sweden{Kebne}kaise
27%
SwitzerlandMonte Rosa
27%
PortugalMount Pico
25%
Norway{Gald}høpiggen
23%
San MarinoMonte Titano
23%
Slovakia{Gerlach}ovský štít
21%
Albania, North MacedoniaMount Korab
21%
FinlandHalti
17%
RomaniaMoldoveanu
17%
BulgariaMusala
17%
Czech RepublicSněžka
17%
UkraineHoverla
15%
HungaryKékes
15%
Ireland{Carrauntoo}hil
13%
Bosnia and HerzegovinaMaglić
13%
LiechtensteinVorder {Grauspitz}
13%
AndorraComa {Pedrosa}
10%
Denmark{Mølle}høj
10%
SpainMulhacén
10%
EstoniaSuur {Munamägi}
10%
MontenegroZla {Kolata}
10%
Iceland{Hvannadal}shnúkur
8%
LuxembourgKneiff
8%
BelgiumSignal de {Botrange}
8%
CroatiaDinara
6%
Latvia{Gaiziņ}kalns
6%
Netherlands{Vaalser}berg
6%
Belarus{Dzyarzhynskaya} Hara
4%
SerbiaMidžor
4%
Lithuania{Aukštojas} Hill
2%
MoldovaBălănești
2%
MonacoChemin des {Révoires}
2%
MaltaTa' {Dmejrek}
2%
KosovoVelika {Rudoka}
2%

Score Distribution

Percentile by Number Answered

Percent of People with Each Score

Your Score History

You have not taken this quiz